000 00651nam a2200265Ia 4500
003 OSt
005 20221005090149.0
006 a|||||r|||| 00| 0
007 ta
008 221004b |||||||| |||| 00| 0 eng d
024 _a27444
037 _cTextual
040 _aCRL
_cCRL
_beng
041 _2eng
_aeng
082 _aB2, N2
100 _aDurbin John R
_9614943
245 0 _aModern algebra
_b An introduction
250 _a3rd
260 _aNew York
_bJohn Wiley
_c1992
300 _a348p
_ccm.
650 _a MATHEMATICS
650 _aALGEBRA
942 _hB2, N2
_cTEXL
_2cc
999 _c995323
_d995323